Slavia Capital výročná správa 2001
Saved in:
| Format: | Book |
|---|---|
| Language: | Slovak English |
| Published: |
Bratislava
Slavia Capital, a. s.
2002
|
| Subjects: | |
| Tags: |
No Tags, Be the first to tag this record!
|
MARC
| LEADER | 00000nam$a2200000$$$4500 | ||
|---|---|---|---|
| 001 | 0004354 | ||
| 005 | 20240108123805.9 | ||
| 041 | 0 | |a slo | |
| 041 | 0 | |a eng | |
| 044 | |a SK | ||
| 245 | 1 | 0 | |a Slavia Capital |b výročná správa 2001 |
| 264 | 1 | |a Bratislava |b Slavia Capital, a. s. |c 2002 | |
| 300 | |a 45 s. | ||
| 610 | 2 | 0 | |a burzy |
| 610 | 2 | 0 | |a burzovníctvo |
| 610 | 2 | 0 | |a obchod |
| 610 | 2 | 0 | |a papiere cenné |
| 610 | 2 | 0 | |a bankovníctvo investičné |
| 610 | 2 | 0 | |a trh |
| 610 | 2 | 0 | |a štruktúra organizačná |
| 610 | 2 | 0 | |a ukazovatele finančné |
| 610 | 2 | 0 | |a výkazy finančné |
| 610 | 2 | 0 | |a výkazy účtovné |
| 610 | 2 | 0 | |a imanie vlastné |
| 610 | 2 | 0 | |a rady dozorné |
| 610 | 2 | 0 | |a audit |